Implementation of Industry 4.0 Elements in Selected Service Sectors
Tento článok skúma, do akej miery malé a stredné podniky (MSP) v slovenských sektoroch reklamy a prieskumu trhu, telekomunikácií a finančných služieb prijali princípy Priemyslu 4.0, ktoré kladú dôraz na integráciu digitálnych technológií do obchodných operácií. Bol použitý zmiešaný prístup, ktorý ko...
Gespeichert in:
| 1. Verfasser: | |
|---|---|
| Format: | Buchkapitel |
| Sprache: | Englisch |
| Schlagworte: | |
| Tags: |
Keine Tags, Fügen Sie das erste Tag hinzu!
|
MARC
| LEADER | 00000naa$a2200000$$$4500 | ||
|---|---|---|---|
| 001 | 0311483 | ||
| 005 | 20251008102940.3 | ||
| 041 | 0 | |a eng | |
| 044 | |a SK | ||
| 245 | 1 | 0 | |a Implementation of Industry 4.0 Elements in Selected Service Sectors |c Filip Stovíček |
| 520 | |a Tento článok skúma, do akej miery malé a stredné podniky (MSP) v slovenských sektoroch reklamy a prieskumu trhu, telekomunikácií a finančných služieb prijali princípy Priemyslu 4.0, ktoré kladú dôraz na integráciu digitálnych technológií do obchodných operácií. Bol použitý zmiešaný prístup, ktorý kombinuje teoretické základy s empirickými údajmi získanými prostredníctvom štruktúrovaného dotazníkového prieskumu. Zozbierané odpovede boli analyzované pomocou štatistických metód s cieľom posúdiť úroveň implementácie Priemyslu 4.0 a identifikovať kľúčové ovplyvňujúce faktory. | ||
| 610 | 2 | 0 | |a priemysel 4.0 |
| 610 | 2 | 0 | |a podnik malý |
| 610 | 2 | 0 | |a podnik stredný |
| 610 | 2 | 0 | |a reklama |
| 610 | 2 | 0 | |a telekomunikácie |
| 610 | 2 | 0 | |a trh |
| 100 | 1 | |a Stovíček, Filip, 1998- | |